000 00426 a2200169 4500
999 _c8119
_d8119
003 GBCCL
005 20241126110643.0
008 190318b ||||| |||| 00| 0 eng d
040 _cgbc
082 _a234
_bDOZ
100 _aDozo, Phuveyi
_914138
245 _aSalvation beyond Religion :
_bthe truth revealed
260 _aKohima:
_bPhuveyi Dozo,
_c2017
300 _a117p. ;
650 _aSalvation
_9452
942 _2ddc
_cBK
_03